Noms de famille par pays d'origine - Statistiques

Statistiques générales
  • Ce quiz a été pris 685 fois
  • Le résultat moyen est 17 sur 21
Statistiques - réponses
Nom Pays % Correct
Dubois France
98%
Chen Chine
97%
Schneider Allemagne
96%
Smith Royaume-Uni
96%
Rodriguez Espagne
95%
Ivanov Russie/Bulgarie
94%
Kim Corée
90%
Lombardi Italie
88%
Kowalski Pologne
86%
Sørensen Danemark/Norvège
82%
Papadopoulos Grèce
82%
O'Donnell Irlande
81%
Teixeira Portugal
81%
Nakamura Japon
80%
Shevchenko Ukraine
78%
Nguyen Vietnam
75%
Ionescu Roumanie
67%
Kardashian Arménie
64%
Abdullah Arabie Saoudite
61%
Patel Inde
55%
Jafari Iran
40%
Aucun quiz correspondant
Distribution des résultats
% des personnes avec chaque résultat
Percentile par nombre de réponses
Votre historique - résultats
Vous n’avez pas pris ce quiz